LEADER 00454nab a2200145 i 4500 001 000000274870 003 CaOOAMICUS 005 20180831165001.0 008 180831n xx uu u0 0und r 013 $a23778 040 $aSeMil$bita 245 10$a[vedi periodico]. 500 $aMaggio 1968. 773 0 $aGrampa, Cesare$tMassimiliano Kolbe.$dMilano : Centro di Cultura Giancarlo Puecher, 1968.$w()171242 996 $6245$a[vedi periodico]$9(OLS)http://semarc/title/309439 LEADER 00692naa a2200145 i 4500 001 000000298014 003 CaOOAMICUS 005 20180831172616.0 008 180831n xx u000 u und u 013 $a5616 040 $aSeMil$bita 100 1 $aImbach, Josef <1945->.$0(OLS)http://semarc/name/16611 245 10$aFundierter Glaube Begründete Zweifel :$bkirchliche Verkündigung in einer pluralistischen Gesellschaft. 773 0 $tWenn Gott verloren geht.$dFreiburg ; Basel ; Wien : Herder, 1998.$kQuaestiones disputatae $z3-451-02174-9$w()63811 996 $6245$aFundierter Glaube Begründete Zweifel :$bkirchliche Verkündigung in einer pluralistischen Gesellschaft$9(OLS)http://semarc/title/374035